000 00962cam a22003011 4500
001 7379874
005 20260115102347.0
008 750805s1940 xx 000 0 eng
010 _a 40031209
035 _a(OCoLC)1512165
040 _aDLC
_cSSBUL
_dOCoLC
_dDLC
041 _aEnglish
050 0 0 _aBX1751
_b.K68 1940
082 _223
_a282 Kn
_b24532 S-GH
100 1 _aKnox, Ronald Arbuthnott,
_d1888-1957.
_958996
245 1 4 _aThe belief of Catholics /
_cR. A. Knox.
260 _aNew York :
_bSheed & Ward,
_c1939.
300 _a2 p. l., 3-254 p.
_c19 cm.
490 0 _a[Catholic masterpieces. no. 8]
500 _aS-GH: Prof. Gustaaf Houtman
500 _aS-KN: Ashin Khemānanda
610 2 0 _aCatholic Church
_xDoctrines.
_958997
650 _aCatholic Church
_930348
650 _aCatholic Church
_xDoctrines
_958998
650 _aDoctrinal Theory(Catholic)
_958999
906 _a7
_bcbc
_coclcrpl
_du
_encip
_f19
_gy-gencatlg
942 _2ddc
_cBK1
999 _c43092
_d43092